ბათუმის შოთა რუსთაველის სახელმწიფო უნივერსიტეტის ბიბლიოთეკა

ჩანაწერი Corporate Name

ჩანაწერთა რაოდენობა, რომელიც გამოყენებულია: 1

001 - CONTROL NUMBER

  • control field: 9103

003 - CONTROL NUMBER IDENTIFIER

  • control field: GE_BSU

005 - DATE AND TIME OF LATEST TRANSACTION

  • control field: 20200803132746.0

008 - FIXED-LENGTH DATA ELEMENTS

  • fixed length control field: 200803|| aca||aabn | a|a d

040 ## - CATALOGING SOURCE

  • Original cataloging agency: GE_BSU
  • Transcribing agency: GE_BSU

110 ## - HEADING--CORPORATE NAME

  • Corporate name or jurisdiction name as entry element: ქუთაისის ა. წერეთლის სახ. უნივერსიტეტი პედაგოგიკის დეპარტამენტი

670 ## - SOURCE DATA FOUND

  • Source citation: Work cat.: (GE_BSU): ბასილაძე, იმერი 4917, იან ამოს კომენიუსის "მათეტიკა" (სწავლის თეორია) /